FAST TRACK TO SUCCESS SALES (Record no. 21518)

MARC details
000 -LEADER
fixed length control field 00318nam a2200121Ia 4500
008 - FIXED-LENGTH DATA ELEMENTS--GENERAL INFORMATION
fixed length control field 240624s9999 xx 000 0 und d
041 ## - LANGUAGE CODE
Language code of text/sound track or separate title eng
082 ## - DEWEY DECIMAL CLASSIFICATION NUMBER
Classification number 658.81 MAC
100 ## - MAIN ENTRY--PERSONAL NAME
Personal name MACTEAR JOHN
245 ## - TITLE STATEMENT
Title FAST TRACK TO SUCCESS SALES
260 ## - PUBLICATION, DISTRIBUTION, ETC.
Date of publication, distribution, etc. 2009
Place of publication, distribution, etc. London
Name of publisher, distributor, etc. FT Prentice Hall
300 ## - PHYSICAL DESCRIPTION
Extent xix, : 212 : p. : cm. ; 23
Holdings
Withdrawn status Lost status Damaged status Not for loan Home library Current library Shelving location Date acquired Total Checkouts Full call number Barcode Date due Date last seen Date last checked out Price effective from Koha item type
        IMTN IMTN Rack 36-A 07/22/2013 1 658.81 MAC 21518 10/22/2025 10/12/2025 10/12/2025 06/24/2024 Books
Designed & Maintained by: LRC IMT Nagpur Contact: lrc@imtnag.ac.in© 2024. All Rights Reserved.